Plats Nommés d'après les Personnes - Mort Subite - Statistiques

Statistiques générales
  • Ce quiz a été pris 145 fois
  • Le résultat moyen est 5 sur 16
Answers on the Grid
Answers color-coded by a green-red scale on the quiz's grid according to % correct below.
Salade Cobb
Salade César
Carpaccio
Nachos
Tarte Tatin
Poulet du général Tao
Hachis Parmentier
Poulet Gaston Gérard
Huîtres Rockefeller
Œufs Benedict / Œufs bénédictines
Boules de Mozart
Pizza Margherita
Bœuf Stroganov
Soufflé Rothschild
Tournedos Rossini
Fettuccine Alfredo
Mesclun
Idrijski žlikrofi
Raclette
Cassoulet
Gâteau de Saint-Genix
Homard Thermidor
Poulet Marengo
Jambon de Jinhua
Hamburger Aalsuppe
Poutine
Pudding d'Ozark
Miroton de bœuf
 
Statistiques - réponses
Réponse % Correct
Hachis Parmentier
56%
Tarte Tatin
50%
Bœuf Stroganov
45%
Salade César
45%
Tournedos Rossini
41%
Poulet du général Tao
39%
Poulet Gaston Gérard
33%
Huîtres Rockefeller
31%
Pizza Margherita
30%
Œufs Benedict / Œufs bénédictines
29%
Soufflé Rothschild
29%
Boules de Mozart
25%
Fettuccine Alfredo
20%
Salade Cobb
12%
Carpaccio
7%
Nachos
2%
Aucun quiz correspondant
Distribution des résultats
% des personnes avec chaque résultat
Percentile par nombre de réponses
Votre historique - résultats
Vous n’avez pas pris ce quiz